000 00561nam a22001697a 4500
008 230410b |||||||| |||| 00| 0 eng d
040 _aNational Science Library
_cNational Science Library
080 _a34.323.15(73)
_bK6
100 _aKloss, Heinz
_96648
245 _aExcerpts from the national minority laws of the united states of America
260 _aHonolulu:
_bInstitute of advance projects,
_c1966
300 _a72p.
490 _aTranslation series
_vNo. 16
650 _aMinority laws
653 _aResearch translations
942 _2udc
_cBK
999 _c20163
_d20163